The visual brain and peripheral reading and writing disorders /

Bibliographic Details
Main Author: Heeringa, Heidi McMartin (Author)
Corporate Author: ProQuest (Firm)
Format: eBook
Language:English
Published: Thorofare, N.J. : Slack Incorporated, [2019]
Subjects:
Online Access:Connect to the full text of this electronic book

MARC

Tag First Indicator Second Indicator Subfields
LEADER 00000cam a2200000 i 4500
001 in00004542721
005 20210405152921.0
006 m d
007 cr cn|||||||||
008 190221s2019 njua ob 001 0 eng
010 |a  2019008730 
019 |a 1108512841 
020 |a 9781630915421  |q (Epub) 
020 |a 1630915424 
020 |a 9781630915438  |q (Web) 
020 |a 1630915432 
020 |z 9781630915414 (paperback) 
020 |z 1630915416 
035 |a (OCoLC)on1088603119 
035 |a (OCoLC)1088603119  |z (OCoLC)1108512841 
040 |a DLC  |b eng  |e rda  |e pn  |c DLC  |d N$T  |d OCLCF  |d YDX  |d DLC  |d OCLCO  |d WAU  |d TMV  |d UtOrBLW 
049 |a TMVM 
050 0 0 |a RC423 
060 1 0 |a WW 105 
060 4 |a WW 105  |b H459v 2019eb 
100 1 |a Heeringa, Heidi McMartin,  |e author.  |0 http://id.loc.gov/authorities/names/n2007011024 
245 1 4 |a The visual brain and peripheral reading and writing disorders /  |c Heidi McMartin Heeringa. 
246 3 4 |a Visual brain and peripheral reading and writing disorders : a guide to visual system dysfunction for speech-langauge pathologists 
264 1 |a Thorofare, N.J. :  |b Slack Incorporated,  |c [2019] 
264 4 |c ©2019 
300 |a 1 online resource :  |b illustrations (chiefly color) 
336 |a text  |b txt  |2 rdacontent 
337 |a computer  |b c  |2 rdamedia 
338 |a online resource  |b cr  |2 rdacarrier 
500 |a Electronic resource. 
500 |a Description based on opening page (viewed Jan 26, 2021). 
504 |a Includes bibliographical references and index. 
650 0 |a Visual perception.  |0 http://id.loc.gov/authorities/subjects/sh85143926 
650 0 |a Language disorders  |x Diagnosis.  |0 http://id.loc.gov/authorities/subjects/sh2009128837 
650 2 |a Visual Perception.  |0 (DNLM)D014796  |0 https://id.nlm.nih.gov/mesh/D014796 
650 2 |a Language Disorders  |x diagnosis.  |0 (DNLM)D007806Q000175  |0 https://id.nlm.nih.gov/mesh/D007806Q000175 
650 2 |a Visual Pathways.  |0 (DNLM)D014795  |0 https://id.nlm.nih.gov/mesh/D014795 
650 2 |a Vision, Ocular.  |0 (DNLM)D014785  |0 https://id.nlm.nih.gov/mesh/D014785 
650 2 |a Language Disorders  |x therapy.  |0 (DNLM)D007806Q000628  |0 https://id.nlm.nih.gov/mesh/D007806Q000628 
655 7 |a Ebooks.  |2 local 
655 7 |a Electronic books.  |2 local 
710 2 |a ProQuest (Firm)  |0 http://id.loc.gov/authorities/names/n2007068018 
856 4 0 |u http://proxy.library.tamu.edu/login?url=https://ebookcentral.proquest.com/lib/tamum-ebooks/detail.action?docID=5788776  |z Connect to the full text of this electronic book  |t 0 
999 |a MARS 
999 f f |s e5e1f08d-2771-3063-b367-55d31acc60b0  |i d0225c8f-d577-32ec-8b41-63a1e029fbc5  |t 0 
952 f f |a Texas A&M University  |b College Station  |c Electronic Resources  |d Available Online  |t 0  |e WW 105 H459v 2019eb  |h National Library of Medicine classification 
998 f f |a WW 105 H459v 2019eb  |t 0  |l Available Online